MARC details
| 000 -LEADER |
| fixed length control field |
02821nam a2200433 i 4500 |
| 001 - CONTROL NUMBER |
| control field |
in503275287 |
| 003 - CONTROL NUMBER IDENTIFIER |
| control field |
Ingram |
| 005 - DATE AND TIME OF LATEST TRANSACTION |
| control field |
20240829111314.0 |
| 008 - FIXED-LENGTH DATA ELEMENTS--GENERAL INFORMATION |
| fixed length control field |
240115s2024 nyu d 000 1 eng d |
| 020 ## - INTERNATIONAL STANDARD BOOK NUMBER |
| International Standard Book Number |
9780593946619 |
| Qualifying information |
(large print ; |
| -- |
paperback) |
| 020 ## - INTERNATIONAL STANDARD BOOK NUMBER |
| International Standard Book Number |
0593946618 |
| Qualifying information |
(large print ; |
| -- |
paperback) |
| 035 ## - SYSTEM CONTROL NUMBER |
| System control number |
(OCoLC)1428765517 |
| 040 ## - CATALOGING SOURCE |
| Original cataloging agency |
TnLvILS |
| Language of cataloging |
eng |
| Description conventions |
rda |
| Transcribing agency |
TnLvILS |
| Modifying agency |
TnLvILS |
| 092 ## - LOCALLY ASSIGNED DEWEY CALL NUMBER (OCLC) |
| Classification number |
Large Print Fiction |
| Item number |
Steel |
| 100 1# - MAIN ENTRY--PERSONAL NAME |
| Personal name |
Steel, Danielle, |
| Relator term |
author. |
| 245 10 - TITLE STATEMENT |
| Title |
Joy / |
| Statement of responsibility, etc |
Danielle Steel. |
| 250 ## - EDITION STATEMENT |
| Edition statement |
Large print edition. |
| 264 #1 - Production, Publication, Distribution, Manufacture, and Copyright Notice. |
| Place of production, publication, distribution, manufacture |
New York : |
| Name of producer, publisher, distributor, manufacturer |
Random House Large Print Publishing, |
| Date of production, publication, distribution, manufacture, or copyr |
[2024] |
| 300 ## - PHYSICAL DESCRIPTION |
| Extent |
304 pages (large print) ; |
| Dimensions |
23 cm. |
| 336 ## - Content Type |
| Content type term |
text |
| 337 ## - Media type |
| Media type term |
unmediated |
| 338 ## - Carrier type |
| Carrier type term |
volume |
| 520 ## - SUMMARY, ETC. |
| Summary, etc |
"A determined young woman must survive a series of abandonments to find a love that is worthy of her. When she is only six years old, Allegra Dixon's party-loving mother leaves without so much as a goodbye. Her father, an emotionally distant military officer, is also unable--or unwilling--to care for her. Sent to live like a ghost in her grandparents' joyless home, Allegra finds her only solace through an escape into books. Attending boarding school, life finally takes a turn when she meets a dashing young West Point cadet named Shep Williams. Soon their friendship blossoms into something more, and they fall deeply in love. After college, Allegra has established herself as a book editor and Shep is rising through the ranks of the military. But then Shep suddenly receives a posting to Afghanistan, and they decide to marry before he goes n his deployments, they cling to their brief and fraught stolen moments together. Each time he leaves, Shep promises the separations will soon come to an end. But soon Allegra realizes that the horrors of war have begun to change her husband into a man she no longer recognizes. The trauma he has experienced proves to be too harrowing, and Allegra will find herself feeling utterly alone again just when she thought she'd finally found happiness."-- |
| 650 #0 - SUBJECT ADDED ENTRY--TOPICAL TERM |
| Topical term or geographic name as entry element |
Abandoned children |
| Form subdivision |
Fiction. |
| 9 (RLIN) |
5685170 |
| 650 #0 - SUBJECT ADDED ENTRY--TOPICAL TERM |
| Topical term or geographic name as entry element |
Abuse of children |
| Form subdivision |
Fiction. |
| 9 (RLIN) |
6492845 |
| 650 #0 - SUBJECT ADDED ENTRY--TOPICAL TERM |
| Topical term or geographic name as entry element |
Parent and child |
| Form subdivision |
Fiction. |
| 9 (RLIN) |
5687507 |
| 650 #0 - SUBJECT ADDED ENTRY--TOPICAL TERM |
| Topical term or geographic name as entry element |
Man-woman relationships |
| Form subdivision |
Fiction. |
| 9 (RLIN) |
5674079 |
| 650 #0 - SUBJECT ADDED ENTRY--TOPICAL TERM |
| Topical term or geographic name as entry element |
War |
| Form subdivision |
Fiction. |
| 650 #0 - SUBJECT ADDED ENTRY--TOPICAL TERM |
| Topical term or geographic name as entry element |
Psychic trauma |
| Form subdivision |
Fiction. |
| 9 (RLIN) |
5706116 |
| 650 #0 - SUBJECT ADDED ENTRY--TOPICAL TERM |
| Topical term or geographic name as entry element |
Families |
| Form subdivision |
Fiction. |
| 9 (RLIN) |
5674501 |
| 650 #0 - SUBJECT ADDED ENTRY--TOPICAL TERM |
| Topical term or geographic name as entry element |
Emotions |
| Form subdivision |
Fiction. |
| 650 #0 - SUBJECT ADDED ENTRY--TOPICAL TERM |
| Topical term or geographic name as entry element |
Large type books. |
| 655 #7 - INDEX TERM--GENRE/FORM |
| Genre/form data or focus term |
Large print books. |
| Source of term |
lcgft. |
| 9 (RLIN) |
5777956 |
| 655 #7 - INDEX TERM--GENRE/FORM |
| Genre/form data or focus term |
Novels. |
| Source of term |
lcgft. |
| 655 #7 - INDEX TERM--GENRE/FORM |
| Genre/form data or focus term |
Romance. |
| Source of term |
lcgft. |
| 776 08 - ADDITIONAL PHYSICAL FORM ENTRY |
| Display text |
Online version: |
| Main entry heading |
Steel, Danielle. |
| Title |
Joy |
| Edition |
First edition. |
| Place, publisher, and date of publication |
New York : Delacorte Press, 2024 |
| International Standard Book Number |
9780593498620 |
| Record control number |
(DLC) 2023034726. |
| 907 ## - LOCAL DATA ELEMENT G, LDG (RLIN) |
| a |
.b491834536 |
| 942 ## - ADDED ENTRY ELEMENTS (KOHA) |
| Source of classification or shelving scheme |
Dewey Decimal Classification |
| Koha item type |
BOOK |